000 01237cam a22002891i 4500
003 SA-RiAUC
005 20241230135213.0
008 241228s1992 su g 000r0 ara c
040 _aSA-RiAUC
_bara
_cSA-RiAUC
_erda
050 4 _b.M35 1992
082 0 4 _a216
_qSA-RiAUC
090 _a216
_b م ل ي
100 1 _aمليباري، محمد عبد الله،
_d1350-1412 هجري
_eمؤلف.
245 1 2 _aالمنتخب المدقق من كتاب إظهار الحق /
_cاختصار وتحقيق محمد عبد الله مليباري.
250 _aالطبعة الأولى.
264 1 _aالرياض :
_bمحمد عبد الله مليباري،
_c[1992]
300 _a126 صفحة ؛
_c24 سم
336 _aنص
_btxt
_2rdacontent
_3كتاب
337 _aبدون وسيط
_bn
_2rdamedia
338 _aمجلد
_bnc
_2rdacarrier
650 7 _aالإسلام
_xدفع مطاعن
_2aucsh
650 7 _aالإسلام واليهود
_2aucsh
650 7 _aالإسلام والمسيحية
_2aucsh
700 1 2 _iمنتخب من (عمل) :
_aالهندي، رحمة الله بن خليل الرحمن،
_d1233-1308 هجري.
_tإظهار الحق
942 _2ddc
_cBOOK
_n0
949 _aSA-JeALM
_d241228
_umohamedma123
_n1
999 _c4132
_d4132